00868nam a2200229 i 450000100060000000300090000600500170001500700030003200800410003510000290007624501050010525000150021026000400022530000220026549000270028760000760031470000420039083000350043285200320046799900170049995201220051622669ES-MaACL20251120165639.0t|021204s1974 sp ||||1| spa d1 aAlthusser, Louis.92053810aMontesquieu, la política y la historia / cLouis Althusser ; traducción... de Mª Ester Benitez. a[2ª ed.]. aBarcelona, etc. : bAriel, c[1974] a150 p. ; c18 cm.1 aAriel quincenal ; v8714aMontesquieu, Charles-Louis de Secondat, cbaron de, d1689-17559826081 aBenítez, Esther, d1937-20019276000 aAriel quincenal ; v879180806 aES-MaACLjC-56673 bR.89394 c22669d22669 00104070aATENEOMbATENEOMcDEPO2d2008-01-17eSCl0oC-56673p1023340r2023-02-23 00:00:00w2023-02-23yMONOGRAFIA